000 00828nam a22002537a 4500
001 BR7807111
003 BR-BrBNA
005 20230928085807.0
007 ta
008 230509b bl.||||| |||| 00| 0 por d
040 _aBR-BrBNA
_bpor
_cBiblioteca Nacional de Agricultura
041 _a(Por)
072 _aE50; C00
_b/G514
090 _ E50 BR7807111
110 1 _aMinisterio da Educacao e Cultura, Brasilia, DF (Brasil). Secretaria Geral
_97016
245 1 _aEstudos sobre a Regiao Nordeste. Grupo de estudos para o desenvolvimento da educacao no meio rural [Brasil]
_bSEG/Departamentos/MEC-CNRH/IPEA-PNUD/UNESCO
260 3 _aBrasilia, DF (Brasil):
_c1978.
300 _a75 p.
500 _a12 ref.
650 _aEXTENSAO RURAL
650 _aSOCIOLOGIA RURAL
909 _a202309
_bLucia
_c55
_dLucia Elande
942 _cBK
999 _c26369
_d26369